00799nam a22001937a 4500999001700000008004100017020001600058020001800074050002500092100002400117245005500141260009000196300002600286500003700312650005700349650003600406942003700442952012600479 c15731d15731161103b xxu||||| |||| 00| 0 eng d a0871203839  a9780871203830 aLC 3060.37 .M27 2000 aMarzano, Robert J.  aTransforming classroom grading/cRobert J. Marzano aAlexandria, Va. : bAssociation for Supervision and Curriculum Development, c©2000. aviii, 147p. :bill. ; aIncludes bibliography and index. aGrading and marking (Students)x United States.  aSchool reports xUnited States. 2lcccBOOKShLC 3060.37 .M27 2000 00102lcc4070aMUCbMUCcGENd2016-11-03eDonation (BFA)l0oLC 3060.37 .M27 2000p26017r2016-11-03w2016-11-03yBOOKS